African traditional religion in biblical perspective / (Record no. 20179)
[ view plain ]
| 000 -LEADER | |
|---|---|
| fixed length control field | 00733nam a22002292 4500 |
| 001 - CONTROL NUMBER | |
| control field | 0000000597 |
| 003 - CONTROL NUMBER IDENTIFIER | |
| control field | OSt |
| 005 - DATE AND TIME OF LATEST TRANSACTION | |
| control field | 20230612131501.0 |
| 008 - FIXED-LENGTH DATA ELEMENTS--GENERAL INFORMATION | |
| fixed length control field | 070213s xx 000 0 eng d |
| 020 ## - INTERNATIONAL STANDARD BOOK NUMBER | |
| International Standard Book Number | 1594521744 |
| 040 ## - CATALOGING SOURCE | |
| Original cataloging agency | KABU |
| Transcribing agency | KABU |
| 050 #0 - LIBRARY OF CONGRESS CALL NUMBER | |
| Classification number | BR128 |
| Item number | .G44 2012 |
| 100 1# - MAIN ENTRY--PERSONAL NAME | |
| Personal name | Gehman, Richard J., |
| Dates associated with a name | 1935-. |
| 245 10 - TITLE STATEMENT | |
| Title | African traditional religion in biblical perspective / |
| Statement of responsibility, etc. | Richard J. Gehman. |
| 260 ## - PUBLICATION, DISTRIBUTION, ETC. (IMPRINT) | |
| Place of publication, distribution, etc. | Nairobi : |
| Name of publisher, distributor, etc. | EAEP, |
| Date of publication, distribution, etc. | 1989. |
| 300 ## - PHYSICAL DESCRIPTION | |
| Extent | xiv, 386 p. |
| 504 ## - BIBLIOGRAPHY, ETC. NOTE | |
| Bibliography, etc | Includes bibliographical references (p. 303-308) and index. |
| 908 ## - PUT COMMAND PARAMETER (RLIN) | |
| Put command parameter | 070213 |
| 942 ## - ADDED ENTRY ELEMENTS (KOHA) | |
| Source of classification or shelving scheme | Library of Congress Classification |
| Koha item type | General Collection |
| Withdrawn status | Lost status | Source of classification or shelving scheme | Not for loan | Home library | Current library | Date acquired | Cost, normal purchase price | Total Checkouts | Full call number | Barcode | Date last seen | Price effective from | Koha item type | Inventory number | Copy number |
|---|---|---|---|---|---|---|---|---|---|---|---|---|---|---|---|
| Library of Congress Classification | Kabarak, Main Campus | Kabarak, Main Campus | 12/06/2023 | 1000.00 | BR128 .G44 2012 c.1 | 032456 | 02/08/2024 | 12/06/2023 | General Collection | ||||||
| Library of Congress Classification | Kabarak, Main Campus | Kabarak, Main Campus | 12/06/2023 | 1858.00 | BR128 .G44 2019 C.2 | 33746 | 15/10/2024 | 12/06/2023 | General Collection | 2024/0675 | C.2 |